Foreign-Citizen Population: Greenland Quiz Stats

Quiz Updated Nov 28, 2015

Challenge
Share
Tweet
Embed
Score 0/22 Timer 04:00
5 Plays Today
Population Country % Correct
39United States of America
98%
12Canada
96.5%
100Sweden
96.1%
13United Kingdom
95.7%
72Norway
95.4%
6Russia
94.9%
18Finland
93.3%
62Germany
92.5%
12France
92.4%
177Iceland
90.8%
4Spain
88.3%
Population Country % Correct
10China
87.5%
8Italy
81.9%
31Poland
77.7%
4Japan
77.6%
5Netherlands
77.3%
5Austria
64.5%
14Romania
38.8%
7Slovakia
34.8%
20Bulgaria
30.7%
130Philippines
27.6%
166Thailand
23.8%

You're not logged in!

Compare scores with friends on all Sporcle quizzes.
Join for Free
OR
Log In

You Might Also Like...

Show Comments

Extras

Top Quizzes Today


Score Distribution

Your Account Isn't Verified!

In order to create a playlist on Sporcle, you need to verify the email address you used during registration. Go to your Sporcle Settings to finish the process.

Report this User

Report this user for behavior that violates our Community Guidelines.

Details: